Normal view
MARC view
- Jacobs, Joshua J Craig, Thomas.L
Entry Personal Name
001 - CONTROL NUMBER
- control field: 61985
003 - CONTROL NUMBER IDENTIFIER
- control field: NUST
005 - DATE AND TIME OF LATEST TRANSACTION
- control field: 20210628202844.0
008 - FIXED-LENGTH DATA ELEMENTS
- fixed length control field: 210628|| aca||aabn | a|a d
040 ## - CATALOGING SOURCE
- Original cataloging agency: NUST
- Transcribing agency: NUST
100 ## - HEADING--PERSONAL NAME
- Personal name: Jacobs, Joshua J Craig, Thomas.L
670 ## - SOURCE DATA FOUND
- Source citation: Work cat.: (NUST): Jacobs, Joshua J Craig, Thomas.L, Alternative bearing surfaces in total joint replacement, 1998
